Quiz Voiture: trouvez la marque en fonction de la voiture#10 - Statistiques

Statistiques générales
  • Ce quiz a été pris 134 fois
  • Le résultat moyen est 4 sur 16
Statistiques - réponses
Par images Réponse % Correct
Man
89%
Iveco
82%
Viper
66%
Hillman
32%
Spania GTA
27%
Mosler
17%
Haval
16%
Tata
16%
Ascari
8%
Arcfox
6%
Mazzanti
4%
Wolseley
2%
Changan
1%
GAZ
0%
Great Wall
0%
Tauro Sport Auto
0%
Aucun quiz correspondant
Distribution des résultats
% des personnes avec chaque résultat
Percentile par nombre de réponses
Votre historique - résultats
Vous n’avez pas pris ce quiz